ბათუმის შოთა რუსთაველის სახელმწიფო უნივერსიტეტის ბიბლიოთეკა

Mobile Communications / (ბიბ.ჩანაწერი № 41094)

000 -LEADER
fixed length control field 00606nam a2200217Ia 4500
001 - CONTROL NUMBER
control field 7744
003 - CONTROL NUMBER IDENTIFIER
control field GE_BSU
005 - DATE AND TIME OF LATEST TRANSACTION
control field 20220923135945.0
008 - FIXED-LENGTH DATA ELEMENTS--GENERAL INFORMATION
fixed length control field 181216s2003en xx |||||||||||||| ||eng||
020 ## - INTERNATIONAL STANDARD BOOK NUMBER
International Standard Book Number 9780321123817
040 ## - CATALOGING SOURCE
Transcribing agency GE_BSU
041 ## - LANGUAGE CODE
Language code of text/sound track or separate title eng
080 ## - UNIVERSAL DECIMAL CLASSIFICATION NUMBER
Universal Decimal Classification number 621.396.93 S-32
100 ## - MAIN ENTRY--PERSONAL NAME
Personal name Schiller, Jochen H.
9 (RLIN) 14735
245 ## - TITLE STATEMENT
Title Mobile Communications /
Statement of responsibility, etc. Jochen H. Schiller
264 ## - PRODUCTION, PUBLICATION, DISTRIBUTION, MANUFACTURE, AND COPYRIGHT NOTICE
Place of production, publication, distribution, manufacture England :
Name of producer, publisher, distributor, manufacturer Addiso-Wesley,
Date of production, publication, distribution, manufacture, or copyright notice 2003.
300 ## - PHYSICAL DESCRIPTION
Extent 492 p. ;
Dimensions 23 cm.
653 ## - INDEX TERM--UNCONTROLLED
keyword Mobile Communications
653 ## - INDEX TERM--UNCONTROLLED
keyword მობილური კომუნიკაციები
942 ## - ADDED ENTRY ELEMENTS (KOHA)
Koha item type წიგნი
Source of classification or shelving scheme
ეგზემპლარები
Withdrawn status Lost status Source of classification or shelving scheme Damaged status Not for loan Permanent Location Current Location Shelving location Date acquired Cost, normal purchase price Full call number Barcode Date last seen Copy number Price effective from Koha item type Public note
          ბათუმის შოთა რუსთაველის სახელმწიფო უნივერსიტეტის მთავარი ბიბლიოთეკა ტექნოლოგიური ფაკულტეტის ბიბლიოთეკა წიგნსაცავი 2018-12-17 177.00 621.396.93 S-32 24127 2018-12-17 24127 2018-12-17 წიგნი 177gel.